Music Quiz

Random Music or Song Quiz

UK Artists with US #1 Hits Quiz Stats

 Plays Quiz Updated Jan 24, 2020

     
Support Sporcle.
Go Orange.
Score 0/85 Timer 16:00
8 Plays Today
Song British Artist(s) % Correct
'I Want To Hold Your Hand'The Beatles
93.6%
'I Can't Get No Satisfaction'The Rolling Stones
85.3%
'Rolling In The Deep'Adele
82.5%
'Stayin Alive'**Bee Gees
81.8%
'Crocodile Rock'Elton John
80.6%
'Pop Muzik'M
80.4%
'Every Breath You Take'*The Police
79%
'Wake Me Up Before You Go Go'Wham!
77.8%
'Viva La Vida'Coldplay
76.9%
'Another Brick In The Wall'Pink Floyd
76.8%
'Wannabe'Spice Girls
73.4%
'Careless Whisper'George Michael
73.2%
'Maggie May'Rod Stewart
72.5%
'Karma Chameleon'Culture Club
72.3%
'Shape of You'Ed Sheeran
70.2%
'Sweet Dreams Are Made Of This'Eurythmics
69.5%
'Crazy Little Thing Called Love'Queen
69.4%
'Kiss From A Rose'Seal
67.4%
'Never Gonna Give You Up'Rick Astley
66.5%
'Red Red Wine'UB40
66.3%
'Total Eclipse Of The Heart'Bonnie Tyler
66.2%
'Let's Dance'David Bowie
65.3%
'I'm Too Sexy'Right Said Fred
64.9%
'Come On Eileen'Dexys Midnight Runners
63.1%
'The House Of The Rising Sun'The Animals
62.6%
'Money For Nothing'Dire Straits
62.2%
'Sledgehammer'Peter Gabriel
60.3%
'I Shot The Sheriff'Eric Clapton
59.8%
'West End Girls'Pet Shop Boys
58.6%
Song British Artist(s) % Correct
'You're Beautiful'James Blunt
56%
'Everybody Wants To Rule The World'Tears For Fears
55.5%
'Invisible Touch'Genesis
54.5%
'Addicted To Love'Robert Palmer
54.2%
'One More Night'Phil Collins
52.7%
'Bleeding Love'Leona Lewis
52.6%
'The Reflex'Duran Duran
52.1%
'Uptown Funk'Mark Ronson (feat. Bruno Mars)
51.1%
'Got My Mind Set On You'George Harrison
50.7%
'Venus'Bananarama
49.3%
'Don't You Want Me'Human League
47.3%
'I Want To Know Love Is'*Foreigner
46.9%
'Here I Go Again'Whitesnake
45.3%
'Don't You Forget About Me'Simple Minds
45.2%
'Wild Thing'The Troggs
45.1%
'Downtown'Petula Clark
44.5%
'Mony Mony'Billy Idol
44.3%
'Owner Of A Lonely Heart'Yes
43.6%
'She Drives Me Crazy'Fine Young Cannibals
42.8%
'My Love'Paul McCartney And Wings
42.3%
'Whatever Gets You Thru The Night'John Lennon
41.5%
'Pillowtalk'Zayn Malik
38%
'Up Where We Belong'Joe Cocker
37.4%
'Higher Love'Steve Winwood
37%
'Over And Over'The Dave Clark Five
35.7%
'Dreams'*Fleetwood Mac
35.6%
'To Sir With Love'Lulu
34.5%
'Morning Train (Nine To Five)'Sheena Easton
34.1%
'You're Sixteen'Ringo Starr
33.8%
Song British Artist(s) % Correct
'I Just Died In Your Arms'Cutting Crew
33.7%
'If You Don't Know Me By Now'Simply Red
32.6%
'The Living Years'Mike + The Mechanics
32.3%
'Unbelievable'EMF
32.3%
'Do Wah Diddy Diddy'Manfred Mann
31.6%
'Mrs. Brown You've Got A Lovely Daughter'Herman's Hermits
30.5%
'You Make Me Feel Like Dancing'Leo Sayer
30.4%
'Sunshine Superman'Donovan
29.5%
'Everytime You Go Away'Paul Young
29.3%
'Love Bites'Def Leppard
26.9%
'Shadow Dancing'Andy Gibb
25.3%
'Missing You'John Waite
23.9%
'You Keep Me Hangin On'Kim Wilde
23%
'St. Elmo's Fire'John Parr
22.9%
'Saturday Night'Bay City Rollers
20.3%
'Break Your Heart'Taio Cruz
18.3%
'Pick Up The Pieces'Average White Band
17.4%
'Stranger On The Shore'Mr. Acker Bilk
17.4%
'The Night Chicago Died'Paper Lace
16%
'Down'Jay Sean
15.7%
'A World Without Love'Peter & Gordon
14.9%
'Telstar'The Tornadoes
14%
'I'm Telling You Now'Freddie & The Dreamers
11.6%
'Wild Wild West'Escape Club
10.6%
'Game of Love'Wayne Fontana And The Mindbenders
8.4%
'Winchester Cathedral'The New Vaudeville Band
7%
'Close To You'Maxi Priest
6.3%

From the Vault

NCAA FBS Power Five Conference Sorting Gallery

by timschurz

Sports 5m
If this is a conference call. it's probably going to be a pretty crowded meeting.
Remove Ads.
Support Sporcle.
Get the best of Sporcle when you Go Orange. This ad-free experience offers more features, more stats, and more fun while also helping to support Sporcle. Thank you for becoming a member.

Show Comments

Extras

Top Quizzes Today


Score Distribution

Your Account Isn't Verified!

In order to create a playlist on Sporcle, you need to verify the email address you used during registration. Go to your Sporcle Settings to finish the process.

Report this User

Report this user for behavior that violates our Community Guidelines.

Details: